| LEADER | 01597nam a2200313 u 4500 | ||
|---|---|---|---|
| 001 | 10117096 | ||
| 003 | upatras | ||
| 005 | 20230615120542.0 | ||
| 008 | 150728s2005 gr gre | ||
| 952 | |0 0 |1 0 |2 ddc |4 0 |6 973_048000000000000_900_922_ΠΑΠ |7 0 |8 FIC |9 182264 |a LISP |b LISP |c DON |d 2016-04-24 |e ΒΑΛ |i 126178 |l 0 |o 973.048 900 922 ΠΑΠ |p 025000244792 |r 2016-04-24 00:00:00 |t 1 |w 2016-04-24 |y BK15 | ||
| 999 | |c 112541 |d 112541 | ||
| 020 | |a 9600511918 | ||
| 040 | |a GR-PaULI |c GR-PaULI | ||
| 041 | 1 | |a gre |h eng | |
| 082 | 1 | 4 | |a 973.048 900 922 |2 23 |
| 100 | 1 | |9 145442 |a Papanikolas, Helen Zeese, |d 1917-2004 |4 aut | |
| 245 | 1 | 0 | |a Μια ελληνική οδύσσεια στην αμερικανική Δύση |c Ελένη Παπανικόλα; μετάφραση Μιχάλης Μακρόπουλος |c ; εισαγωγή Ιωάννα Λαλιώτου |
| 260 | |a Αθήνα |b Εστία |c 2005 | ||
| 300 | |a 391 σ. |b [8] φύλλα με πίν. |c 23 εκ. | ||
| 490 | 0 | |a Μαρτυρίες | |
| 600 | 1 | 4 | |9 145443 |a Ζήσης, Γεώργιος, |d 1886- |x Οικογένεια |
| 650 | 4 | |a Ελληνοαμερικανοί |x Βιογραφία |9 145444 | |
| 651 | 4 | |9 186290 |a Ηνωμένες Πολιτείες Αμερικής |x Αποδημία και εποίκηση | |
| 700 | 1 | |a Μακρόπουλος, Μιχάλης, |d 1965- |4 trl |9 145445 | |
| 700 | 1 | |a Λαλιώτου, Ιωάννα |4 aui |9 88835 | |
| 760 | 0 | |a Μαρτυρίες | |
| 852 | |a GR-PaULI |b ΠΑΤΡΑ |b ΒΚΠ |b ΔΩΡ |k ΑΣΧΕ |h 973.048 900 922 ΠΑΠ |m 126178 |p 025000244792 |t 1 |g ΒΑΛ | ||
| 942 | |2 ddc |c BK15 | ||
| 998 | |c ΧΑΡΙΤΟΥ |d 2015-07 | ||